Nommez un pilote de Formule 1 pour chaque pays - Statistiques

Statistiques générales
  • Ce quiz a été pris 60 fois
  • Le résultat moyen est 20 sur 38
Statistiques - réponses
Hint Nombre Réponse % Correct
France 38 Prost/ Alesi/ Arnoux/ Behra/ Beltoise/ Bernard/ Bianchi/ Bourdais/ Cevert/ Depailler/ Gasly/ Grosjean/ Hadjar/ Jabouille/ Laffite/ Ligier/ Ocon/ Panis/ Pironi/ Rosier/ Vergne/ Tambay/ Trintignant
95%
Monaco 2 Chiron/ Leclerc
93%
Espagne 8 Alonso/ Alguersuari/ Gené/ Godia-Sales/ Pérez-Sala/ Portgago/ de la Rosa/ Sainz
91%
Mexique 5 Gutièrrez/ Rebaque/ Rodriguez/ Pérez
91%
Royaume unis 62 Hamilton/ Hill/ Stewart/ Surtees/ Clark/ Button/ Hunt/ Mansell/ Surtees/ Norris/ Nailey/ Bearman/ Brise/ Brooks/ Brown/ Brundle/ Collins/ Coulthard/ Courage/ Hailwood/ Hawthorn/ Herbert/ Ireland/ Irvine/ Lewis/ Moss,Palmer/ Parnell/ di Resta/ Russell/ Salvadori/ Spence/ Taylor/ Thompson/ Warwick/ Watson/ Wharton/ Whitehead/ Wilson
89%
Canada 4 Villeneuve/ Stroll/ Latifi/ Pease
89%
Allemagne 22 Schumacher/ Rosberg/ Vettel/ Hülkenberg/ Frentzen/ Bellof/ Danner/ Glock/ Heidfeld/ Hermann/ Kling/ Lang/ Mass/ Mitter/ Stommelen/ Stuck/ Sutil/ Von Trips/ Winkelhock/ Wehrlein
88%
Brésil 20 Senna/ Piquet/ Fittipaldi/ Barichello/ Bortoleto/ da Matta/ Diniz/ Massa/ Landi/ Moreno/ Nasr/ Pace/ Pizzonia/ Serra/ Zonta
86%
Italie 49 Ascari/ Farina/ Alboreto/ De Angelis/ Antonelli/ Baghetti/ Bandini/ Capelli/ Caffi/ De Cesaris/ Fabi/ Fagioli/ Fisichella/ Giovinazzi/ Liuzzi/ Martini/ Modena/ Musso/ Morbidelli/ Patrese/ Scarfiotti/ Trulli/ Villoresi
84%
Pays-bas 6 Verstappen/ Albers/ de Beaufort/ Lennep/ de Vries
84%
Australie 6 Brabham/ Jones/ Piastri/ Ricciardo/ Webber/ Schenken
80%
Japon 8 Katayama/ Kobayashi/ Nakajima/ Ide/ Nakano/ Satô/ Suzuki/ Tsunoda
80%
Finlande 7 Häkkinen/ Rosberg/ Räikkönen/ Kovalainen/ Bottas/ Lehto/ Salo
79%
Chine 1 Guanyu
77%
Thailande 2 Albon/ Bhanuban/Prince Bira
71%
Russie 4 Kvyat/ Petrov/ Sirotkin/ Mazepin
70%
USA 52 Andretti/ Hill/ Bryan/ Cheever/ Davies/ Donohue/ Ginther/ Gregory/ Gurney/ Hanks/ Holland/ Linden/ Parsons/ Rathmann/ Revson/ Schell/ Sullivan/ Sargeant/ Thomson
64%
Argentine 8 Fangio/ Colapinto/ Gálvez/ González/ Mieres/ Reutemann/ Marimóm
64%
Autriche 7 Lauda/ Rindt/ Berger/ Friesacher/ Kilien/ Wendlinger/ Wurz/ Ratzenberger/ Marko
61%
Belgique 9 Bianchi/ Boutsen/ Frère/ Gachot/ Gendebien/ Ickx/ Mairesse/ Pilette/ Vandoorne
55%
Nouvelle Zélande 6 Hulme/ Amon/ Ganley/ Hartley/ Lawson/ Mclaren
52%
Pologne 1 Kubica
46%
Venezuela 2 Cecotto/ Maldonado
45%
Danemark 2 Magnussen
45%
Colombie 1 Montoya
36%
Afrique du sud 3 Scheckter/ Maggs/ Lederle
34%
Suisse 8 Buemi/ Fischer/ Graffenried/ Moser/ Regazzoni/ Siffert/ Surer/ Delétraz
30%
Suède 7 Bonnier/ Borgudd/ Ericsonn/ Johansson/ Nilsson/ Peterson/ Wisell
25%
Inde 1 Karthikeyan
25%
Portugal 2 Lamy/ Monteiro
13%
Malaisie 1 Yoong
13%
Hongrie 1 Baumgartner
9%
Rhodésie du Sud 2 Love/ Tingle
9%
Chili 1 Salazar
9%
Liechtenstein 1 von Opel
9%
Irlande 2 Daly/ Firman
7%
Tchéquie 1 Enge
7%
Uruguay 3 Uria/ Cantoni/ Bayardo
4%
Aucun quiz correspondant
Distribution des résultats
% des personnes avec chaque résultat
Percentile par nombre de réponses
Votre historique - résultats
Vous n’avez pas pris ce quiz